• 首页
  • 本馆介绍
  • 公告通知
  • 最新文献
  • 馆藏检索
  • 电子资源
  • 读者导购
  • 参考咨询
  • 我的图书馆
  • 登录
  • 详细信息显示
  • 放入我的书架
  • 预约/预借图书
  • 作者相关作品
  • 分类相关作品
  • 丛书相关作品
  • 出版社相关作品

书目信息

  • 表格格式
  • 工作单格式
  • 卡片格式
题名:
高层建筑防火设计
    
 
作者: 蒋永琨 编
分册:  
出版信息: 北京   群众出版社  1981
页数: 449页
开本: 19cm
丛书名:
单 册:
中图分类: TU234
科图分类:
主题词: 建筑设计
电子资源:
ISBN:
000 00552nam0 2200205 45
001 0405171121
005 20040517111526.1
010    @dCNY1.35
091    @a13067.56
100    @a20040517d1981 km y0chiy0120 ea
101 0  @achi
105    @a z 000yy
200 1  @a高层建筑防火设计@AGao Ceng Jian Zhu Fang Huo She Ji@f蒋永琨等编@FJiang Yong Kun Deng Bian
210    @a北京@c群众出版社@d1981
215    @a449页@d19cm
606 0  @a建筑设计
690    @aTU234
701  0 @a蒋永琨@4编
801    @aCN@bTSTCL@c20040517
905    @f2@b73566-567@dTU234@e5
    
    高层建筑防火设计/蒋永琨等编.-北京:群众出版社,1981
    449页;19cm
    
    
    ISBN :CNY1.35
    
●
相关链接 在E读中查询图书 在五车中查询图书 在当当中查询图书 在豆瓣中查询图书


正题名:高层建筑防火设计     索取号:TU234/5         预约/预借

序号 登录号 条形码 馆藏地/架位号 状态 备注
1 0073566   001480427   第二样本阅览室/ [索取号:TU234/5] 在馆    
2 0073567   001480418   第三借阅区/ [索取号:TU234/5] 在馆    
唐山师范学院图书馆 欢迎您!
大连网信软件有限公司© 版权所有